Západné Tatry /
Uložené v:
| Hlavný autor: | |
|---|---|
| Médium: | Kniha |
| Jazyk: | Slovak |
| Vydavateľské údaje: |
Bratislava :
Šport,
1987
|
| Vydanie: | 2.vyd. |
| Predmet: | |
| Tagy: |
Žiadne tagy, Buďte prvý, kto otaguje tento záznam!
|
MARC
| LEADER | 00000nam a22000003a 4500 | ||
|---|---|---|---|
| 001 | stu45055 | ||
| 005 | 20150617225701.3 | ||
| 008 | 951102s1987----cs------------------slo-d | ||
| 040 | |a STU |b slo | ||
| 041 | 0 | |a slo | |
| 044 | |a cs | ||
| 080 | |a 910(234.372.3) | ||
| 100 | 1 | |a Hochmuth, Zdenko |4 xxx | |
| 245 | 1 | |a Západné Tatry / |c Zdenko Hochmuth a kol | |
| 250 | |a 2.vyd. | ||
| 260 | |a Bratislava : |b Šport, |c 1987 | ||
| 300 | |a 261 s : |b 1 mapa | ||
| 650 | 7 | |a Tatry západné |2 stusub | |
| 650 | 7 | |a sprievodca turistický |2 stusub | |
| 996 | |b 284M045521 |c M*1019-1 |l MMKN |s A |a 24 |w stu45055_0001 | ||